Case studies in time series analysis

Guardat en:
Dades bibliogràfiques
Autor principal: Zhongjie, Xie (Autor)
Format: Llibre
Idioma:anglès
Publicat: Singapur World Scientific 1993
Matèries:
Etiquetes: Afegir etiqueta
Sense etiquetes, Sigues el primer a etiquetar aquest registre!

MARC

LEADER 00000nam a2200000 a 4500
001 UCO6011
003 CL-VaPUC
008 000929e19930000si |||||||||||||||||eng|d
082 0 4 |a 519.55  |b ZHO  |2 21 
100 0 |a Zhongjie, Xie  |e author  |9 450809 
245 1 0 |a Case studies in time series analysis 
300 |a 282 p 
942 |c BK 
945 |d 20000929 00:00:00  |a vberengu 
260 |a Singapur  |b World Scientific  |c 1993 
650 0 |a Análisis de series de tiempo   |9 260363 
650 0 |a Análisis por series temporales   |9 340487 
650 7 |a SERIES DE TIEMPO  |2 CL-VaPUC  |9 424864 
583 |a last modification  |c 20171221 03:22:46  |k Rodrigo Vera 
999 |c 291806  |d 291804 
952 |0 0  |1 0  |4 0  |6 519_550000000000000_ZHO_1993  |7 0  |8 A  |9 342003  |a BIBGIM  |b BIBGIM  |d 2019-11-20  |i 3653811  |o 519.55 ZHO 1993  |p 3653811  |r 2025-01-15  |w 2019-11-20  |y BK  |k EST